Process control : designing processes and control systems for dynamic performance /

Guardado en:
Autor Principal: Marlin, Thomas E.
Formato: Libro
Idioma:English
Publicado: New York : McGraw-Hill, c1995.
Series:McGraw-Hill chemical engineering series
Materias:
Etiquetas: Agregar Etiqueta
Sin Etiquetas, Sea el primero en etiquetar este registro!
LEADER 00887cam a22002295a 4500
001 EIQ.libpla002887
008 941222s1995####nyua#####b####001#0#eng#d
005 20150804135118.0
245 0 0 |a Process control :  |b designing processes and control systems for dynamic performance /  |c Thomas E. Marlin. 
260 |a New York :  |b McGraw-Hill,  |c c1995. 
300 |a xxii, 954 p. :  |b il. ;  |c 25 cm. 
440 0 |a McGraw-Hill chemical engineering series 
504 |a Incluye referencias bibliográfica e índice. 
020 |a 0070404917 
100 1 |a Marlin, Thomas E. 
082 0 0 |a 660/.2815  |2 20 
650 4 |a Control de procesos químicos  |x Diseño. 
650 4 |a Chemical process control  |x Design. 
010 |a  94045967  
040 |a DLC  |c DLC  |d AR-BbSID 
859 |a AR-BbSID  |b BIB. PLAPIQUI  |h 660.281 5  |i M 344  |p 4912  |t Ej. 1  |v Ej. 1 
859 |a AR-BbSID  |b BIB. PLAPIQUI  |h 660.281 5  |i M 344  |p 5457  |t Ej. 2  |v Ej. 2